| 000 | 00564nam a22001937a 4500 | ||
|---|---|---|---|
| 003 | OSt | ||
| 005 | 20161019135347.0 | ||
| 008 | 161019b xxu||||| |||| 00| 0 eng d | ||
| 020 | _a0716737612 | ||
| 040 | _cDDC. | ||
| 082 | _a515.62BLE 2000. | ||
| 100 |
_aBlei,Ira;Odian,George; _911193 |
||
| 245 |
_aOrganic And Biochemistry: _bConnecting Chemistry to your Life; |
||
| 260 |
_aNew York; _bW.H Freeman and Company. _c2000. |
||
| 300 |
_axviii,551p; _bcol,ill; _c26cm. |
||
| 504 | _aGlossary,Credits and index. | ||
| 650 |
_achemistry. _9797 |
||
| 942 |
_2ddc _cO_SHELF |
||
| 999 |
_c5366 _d5366 |
||